LEADER 00849nam0-22002891i-450- 001 990007174620403321 005 20021010 035 $a000717462 035 $aFED01000717462 035 $a(Aleph)000717462FED01 035 $a000717462 100 $a20021010d--------km-y0itay50------ba 101 0 $aita 200 1 $aDA zero a sei anni$elo sviluppo affettivo, sociale, cognitivo e linguistico$fa cura di Renzo Vianello. 210 $aMilano$cFabbri$d1980. 215 $a92 p.$cill.$d23 cm 300 $aIn testa al front.: I nomi degli autori dei capitoli. 676 $a155.7 702 1$aVianello,$bRenzo$f<1973- > 801 0$aIT$bUNINA$gRICA$2UNIMARC 901 $aBK 912 $a990007174620403321 952 $aPSI-111$b50308 ECONOMATO$fDDRC 959 $aDDRC 996 $aDA zero a sei anni$9689351 997 $aUNINA DB $aGEN01 LEADER 00985nam a2200253 i 4500 001 991000840069707536 008 050217s1983 it b 000 0 ita d 035 $ab1328096x-39ule_inst 040 $aDip.to Studi Giuridici$bita 082 0 $a306.23 100 1 $aNegri, Alba$0229603 245 13$aIl giurista dell'area romanista di fronte all'etnologia giuridica /$cAlba Negri 260 $aMilano :$bGiuffrè,$c1983 300 $a190 p. ;$c24 cm 440 0$aMemorie dell'Istituto giuridico 504 $aInclude riferimenti bibliografici (p. [171]-186) 650 4$aGiurisprudenza etnologica 650 4$aDiritto comparato 907 $a.b1328096x$b02-04-14$c17-02-05 912 $a991000840069707536 945 $aLE027 306.23 NEG01.01$g1$i2027000085385$lle027$og$pE6.00$q-$rl$s- $t0$u2$v0$w2$x0$y.i14009468$z17-02-05 996 $aGiurista dell'area romanista di fronte all'etnologia giuridica$9614658 997 $aUNISALENTO 998 $ale027$b17-02-05$cm$da $e-$fita$git $h3$i0